[Event "65th ch-BUL"]
[Site "Tsarevo BUL"]
[Date "2001.05.12"]
[Round "2"]
[White "Radulski,J"]
[Black "Tsvetkov,I"]
[Result "1-0"]
[WhiteElo "2442"]
[BlackElo "2319"]

1.e4 c5 2.Nc3 Nc6 3.Nf3 g6 4.d4 cxd4 5.Nxd4 Bg7 6.Be3 Nf6 7.Nxc6 bxc6 8.e5 Ng8
9.Bd4 f6 10.f4 Qa5 11.Qe2 fxe5 12.Bxe5 Bxe5 13.Qxe5 Qxe5+ 14.fxe5 Nh6 15.O-O-O Rf8
16.Re1 Bb7 17.Ne4 O-O-O 18.Nc5 Kc7 19.Be2 Bc8 20.Bf3 Nf5 21.Re4 d6 22.Nd3 c5
23.exd6+ exd6 24.Rhe1 Kb6 25.b4 Nd4 26.Bd1 Bf5 27.R4e3 Nc6 28.bxc5+ dxc5
29.Nb2 Nb4 30.Na4+ Kb5 31.Nc3+ Kb6 32.Re5 Bd7 33.a3 Na6 34.Nd5+ Ka5 35.Re7 h5
36.Ne3 Rf4 37.Be2 Nb8 38.Nc4+ Ka4 39.Ne5 g5 40.Rd1 Rd4 41.c3 Rxd1+ 42.Bxd1+ Kb5
43.Bxh5 a5 44.Nxd7 Nxd7 45.Rxd7 Rxd7 46.Be8 Kc6 47.Kc2 Kd6 48.Bxd7 Kxd7 49.Kd3 Kd6
50.Kc4 g4 51.a4 Kc6 52.h4 Kd6 53.h5 Ke5  1-0

[Event "XXXVI Capablanca Mem Mixto"]
[Site "Havana CUB"]
[Date "2001.05.14"]
[Round "8"]
[White "Delgado Crespo,M"]
[Black "Collazo,N"]
[Result "1-0"]
[WhiteElo "2235"]
[BlackElo "2182"]

1.e4 c5 2.Nc3 Nc6 3.Nge2 e5 4.Nd5 d6 5.Nec3 g6 6.Nb5 Be6 7.Nbc7+ Kd7 8.Nxa8 Qxa8
9.Bb5 Bg7 10.c3 Ne7 11.Nxe7 Kxe7 12.d3 Qd8 13.Bc4 Qd7 14.Bxe6 Qxe6 15.Qb3 Qd7
16.Bg5+ Ke8 17.O-O h6 18.Be3 g5 19.Rad1 Kf8 20.Qd5 Ne7 21.Qc4 Qc6 22.b4 b5
23.Qb3 Bf6 24.bxc5 d5 25.exd5 Nxd5 26.c4 bxc4 27.dxc4 Nxe3 28.fxe3 Be7 29.Qb8+  1-0

[Event "TCh-YUG Women"]
[Site "Herceg Novi YUG"]
[Date "2001.05.14"]
[Round "1"]
[White "Stankovic,Ma"]
[Black "Nikolin,Zo"]
[Result "1-0"]
[WhiteElo "2205"]
[BlackElo "2156"]

1.e4 c5 2.Nc3 Nc6 3.Bb5 g6 4.Bxc6 dxc6 5.d3 Bg7 6.h3 Nf6 7.Be3 Nd7 8.Qd2 e5
9.O-O-O Qe7 10.f4 exf4 11.Bxf4 Ne5 12.Nf3 Nxf3 13.gxf3 Be6 14.Bg5 Qc7 15.h4 Qa5
16.Qf4 f6 17.Bxf6 O-O 18.e5 c4 19.dxc4 Bxf6 20.exf6 Qf5 21.Qxf5 Bxf5 22.Rd6 Rfe8
23.h5 Re3 24.hxg6 Bxg6 25.Rd7 Rxf3 26.Rg7+ Kf8 27.Rxg6 hxg6 28.Rh8+ Kf7 29.Rxa8 Rxf6
30.Rxa7 g5 31.Rxb7+ Kg6 32.Ne4 Rf1+ 33.Kd2 g4 34.Rc7  1-0

[Event "ch-LTU"]
[Site "Kaunas LTU"]
[Date "2001.05.15"]
[Round "8"]
[White "Piesina,G"]
[Black "Malisauskas,V"]
[Result "1-0"]
[WhiteElo "2389"]
[BlackElo "2518"]

1.e4 c5 2.Nc3 Nc6 3.Nge2 e5 4.Nd5 Nf6 5.Nxf6+ Qxf6 6.Nc3 d6 7.Bc4 Be6 8.d3 Bxc4
9.dxc4 Qg6 10.O-O Be7 11.Be3 O-O 12.f3 Rad8 13.Nd5 Bg5 14.Bf2 f5 15.exf5 Qxf5
16.c3 Kh8 17.Re1 Ne7 18.Nxe7 Bxe7 19.Qd5 Qf7 20.Qe4 Bg5 21.Rad1 Qc7 22.Rd5 Qc6
23.b3 Qa6 24.a4 Qc6 25.Red1 a5 26.Qd3 h6 27.Qg6 Rf6 28.Qe4 Rf4 29.Qg6 Rf6
30.Qc2 Rff8 31.R1d3 Be7 32.Be3 Qc8 33.Rd1 Qc6 34.h3 Qc8 35.Qe4 Qc6 36.Qg4 Qb6
37.Rb1 Qc6 38.Qg6 Rf6 39.Qc2 Rff8 40.Bd2 Rc8 41.Re1 Rc7 42.Re4 Qe8 43.Rg4 Qf7
44.Kf1 Rc6 45.Ke1 Qf5 46.Kd1 Qxc2+ 47.Kxc2 Rf6 48.Re4 Rg6 49.Re2 Bg5 50.Be1 Kg8
51.h4 Be7 52.h5 Re6 53.f4 Bf6 54.Bg3 Re7 55.fxe5 dxe5 56.Red2 b6 57.Rd6 Rec7
58.Rxc6 Rxc6 59.Bf2 Kf7 60.Kd3 Bg5 61.Rb2 Ke6 62.g4 Bc1 63.Rc2 Bf4 64.Ke4 Rd6
65.Rb2 Bc1 66.Rb1 Bg5 67.b4 Rd2 68.bxa5 Rxf2 69.axb6 Rf4+ 70.Kd3 e4+ 71.Ke2 Rf8
72.b7 Bf4 73.Rf1 Rb8 74.Rxf4 Rxb7 75.Rxe4+ Kd6 76.Re8 Ra7 77.Rg8 Ke6 78.Ke3 Kf6
79.Rc8 Kg5 80.Rxc5+ Kxg4 81.a5 g5 82.hxg6 h5 83.Rc8 h4 84.Rh8 Kg3  1-0

[Event "XXXVI Capablanca Mem Premier I"]
[Site "Havana CUB"]
[Date "2001.05.18"]
[Round "12"]
[White "Perez,Rod"]
[Black "Mateo,Ra"]
[Result "1/2-1/2"]
[WhiteElo "2471"]
[BlackElo "2420"]

1.e4 c5 2.Nf3 Nc6 3.Nc3 Nf6 4.d4 cxd4 5.Nxd4 d6 6.Bg5 Qa5 7.Bxf6 gxf6 8.Bb5 Bd7
9.O-O e6 10.Kh1 a6 11.Nb3 Qc7 12.Bd3 h5 13.f4  1/2-1/2

[Event "TCh-RUS"]
[Site "Tomsk RUS"]
[Date "2001.05.20"]
[Round "7"]
[White "Timofeev,Ar"]
[Black "Bachin,V"]
[Result "1-0"]
[WhiteElo "2522"]
[BlackElo "2426"]

1.e4 c5 2.Nf3 Nc6 3.Nc3 e5 4.Bc4 Be7 5.d3 d6 6.a3 Nf6 7.Bg5 O-O 8.Bxf6 Bxf6
9.Nd5 Be6 10.c3 Rb8 11.O-O b5 12.Ba2 Bg5 13.b4 Bh6 14.Rb1 a5 15.Qc2 Kh8 16.bxc5 dxc5
17.a4 bxa4 18.Qxa4 Qd6 19.Bc4 f5 20.Rxb8 Rxb8 21.Rd1 g6 22.h3 Rb2 23.Qa3 Re2
24.Qb3 Bg8 25.Kf1 a4 26.Qb1 Na5 27.Kxe2 fxe4 28.Nd2 Bxd2 29.Rxd2 Bxd5 30.Bxd5 Qxd5
31.Qb8+ Kg7 32.Qc7+ Kh6 33.Qxa5 exd3+ 34.Rxd3 Qe4+ 35.Re3 Qc4+ 36.Ke1 e4
37.Qa8  1-0

[Event "TCh-YUG Women"]
[Site "Herceg Novi YUG"]
[Date "2001.05.21"]
[Round "8"]
[White "Prudnikova,S"]
[Black "Mladenovic,J"]
[Result "1-0"]
[WhiteElo "2419"]
[BlackElo "2120"]

1.e4 c5 2.Nc3 Nc6 3.Bb5 g6 4.Bxc6 bxc6 5.d3 Bg7 6.f4 d6 7.Nf3 Bg4 8.O-O e6
9.Qe1 Bxf3 10.Rxf3 Ne7 11.f5 Bd4+ 12.Kh1 gxf5 13.exf5 Qd7 14.fxe6 fxe6 15.Ne4 O-O-O
16.c3 Be5 17.Nxc5 dxc5 18.Qxe5 Ng6 19.Qxc5 Rhf8 20.Rxf8 Rxf8 21.Be3 Qxd3
22.Qxc6+ Kb8 23.Qxe6 Rf1+ 24.Rxf1 Qxf1+ 25.Bg1 Nf4 26.Qg8+ Kc7 27.Qxh7+ Kd6
28.Qe4 Ne2 29.Qe3 a6 30.h3 Kd7 31.Kh2 Nf4 32.Qf3 Qc4 33.Qg4+ Kd6 34.Be3  1-0

[Event "TCh-NOR Final"]
[Site "Langesund NOR"]
[Date "2001.05.23"]
[Round "1"]
[White "Trygstad,K"]
[Black "Jaeger,F"]
[Result "1-0"]
[WhiteElo "2322"]
[BlackElo "2022"]

1.e4 c5 2.Nc3 Nc6 3.Nge2 g6 4.d4 cxd4 5.Nxd4 Bg7 6.Nb3 d6 7.Be2 Nf6 8.O-O O-O
9.Re1 a6 10.Bg5 b5 11.Bf1 Bb7 12.a4 b4 13.Nd5 Nd7 14.Rb1 h6 15.Bh4 g5 16.Bg3 e6
17.Ne3 Nde5 18.Qh5 Qf6 19.Nd2 Rfd8 20.Ndc4 Nxc4 21.Bxc4 Kh7 22.Red1 Ne5 23.Bxe5 dxe5
24.Bd3 Bc6 25.b3 Bf8 26.Rbc1 Rd4 27.c3 bxc3 28.Rxc3 Bxe4 29.Bxe4+ Rxe4 30.Rc7 Kg8
31.Ng4 Qg7 32.h3 Rd4 33.Rdc1 Rad8 34.Nxe5 Rh4 35.Qxf7+ Qxf7 36.Rxf7 Bg7 37.Nc6 Rd3  1-0

[Event "XXVI Elekes Mem GM"]
[Site "Budapest HUN"]
[Date "2001.05.25"]
[Round "5"]
[White "Kosanovic,G"]
[Black "Fogarasi,T"]
[Result "1/2-1/2"]
[WhiteElo "2437"]
[BlackElo "2446"]

1.e4 c5 2.Nc3 Nc6 3.Nf3 a6 4.d4 cxd4 5.Nxd4 e6 6.Be2 Qc7 7.f4 Nxd4 8.Qxd4 b5
9.Be3 Bb7 10.O-O-O Rc8 11.Rd2 Nf6 12.e5 Nd5 13.Nxd5 Bxd5 14.Bf3 Bxf3 15.gxf3 Bc5
16.Qxc5 Qxc5 17.Bxc5 Rxc5 18.Rd6 Ke7 19.Rhd1 Rd8 20.Rxa6 Rc4 21.Ra5 b4 22.a3 bxa3
23.Rxa3 Rxf4 24.Rg1 Rg8 25.Rg4 Rxg4 26.fxg4 f6 27.exf6+  1/2-1/2

[Event "Open"]
[Site "Pula CRO"]
[Date "2001.05.25"]
[Round "8"]
[White "Zelcic,R"]
[Black "Loncar,R"]
[Result "1/2-1/2"]
[WhiteElo "2503"]
[BlackElo "2433"]

1.e4 c5 2.Nf3 Nc6 3.Nc3 e5 4.Bc4 d6 5.d3 h6 6.O-O g6 7.Ne1 Bg7 8.f4 Nf6 9.Nd5 Nxd5
10.Bxd5 exf4 11.Bxf4 O-O 12.Nf3 Ne7 13.Bb3 d5 14.Qe2 b5 15.Rad1 Be6 16.Kh1 Qb6
17.c3 Rad8 18.Be3 Qc7 19.Qf2 c4 20.Bc2 cxd3 21.Bxd3 dxe4 22.Bxe4 Rxd1 23.Rxd1 Rd8
24.Re1 Rd7 25.Nd4 Bxa2 26.Nxb5 Qa5 27.Nxa7 Bd5 28.Bxd5 Qxd5 29.h3 Nf5 30.Nc8 Qc6
31.Na7 Qd5 32.Bc5 Ng3+ 33.Qxg3 Qxc5 34.Qb8+ Kh7 35.Nb5 Qf2 36.Rg1 Re7 37.Nd4 Bxd4
38.cxd4 Qxd4 39.b4 Qd5 40.Qf4 Re2 41.Qg4 Rb2 42.Rd1 h5  1/2-1/2

[Event "IX Guillermo Garcia Mem Alfil"]
[Site "Santa Clara CUB"]
[Date "2001.05.28"]
[Round "5"]
[White "Teran Alvarez,I"]
[Black "Almeida,O"]
[Result "1/2-1/2"]
[WhiteElo "2382"]
[BlackElo "2426"]

1.e4 c5 2.Nf3 Nc6 3.Nc3 Nf6 4.Bb5 Nd4 5.e5 Nxb5 6.Nxb5 Nd5 7.O-O Nc7 8.Nxc7+ Qxc7
9.d4 cxd4 10.Qxd4 e6 11.Be3 b6 12.Rfd1 Bb7 13.Qf4 Be7 14.Rd3 O-O 15.Rad1 Rad8
16.Bd4 f5 17.Bc3 Be4 18.Rd4 Qb7 19.Ne1 Bd5 20.Bb4 Bc5 21.R4d3 Rc8 22.Bxc5 Rxc5
23.b3 b5 24.Rg3 Qc7 25.h4 Rf7 26.h5 Be4 27.Nd3 Rxc2 28.Nb4 Rc5 29.Rd6 Rc3
30.Na6 Qc8 31.Rxc3 Qxc3 32.f3 Bb7 33.Nb4 h6 34.Nd3 Bd5 35.Nb4 Bb7 36.Nd3 Qa1+
37.Kh2 Qxa2 38.Qd4 Bxf3 39.Nf4 Bc6 40.Rxc6 dxc6 41.Qd8+ Rf8 42.Qe7 Qf2 43.Nxe6  1/2-1/2

[Event "2nd IECC"]
[Site "Ohrid MKD"]
[Date "2001.06.01"]
[Round "1"]
[White "Mitkov,N"]
[Black "De Vreugt,D"]
[Result "0-1"]
[WhiteElo "2578"]
[BlackElo "2460"]

1.e4 c5 2.Nc3 Nc6 3.Nf3 Nf6 4.Bb5 Qc7 5.O-O e5 6.Bc4 Be7 7.d3 O-O 8.h3 a6
9.a4 d6 10.Bg5 Qd8 11.Qd2 Ne8 12.Nd5 Bxg5 13.Qxg5 Be6 14.Qxd8 Rxd8 15.c3 Bxd5
16.Bxd5 Nc7 17.Bc4 g6 18.Rfd1 Kg7 19.d4 exd4 20.cxd4 b6 21.Rac1 Rfe8 22.dxc5 dxc5
23.Bd5 Nxd5 24.exd5 Na5 25.d6 Nb7 26.b4 Re6 27.bxc5 bxc5 28.Rb1 Rdxd6 29.Rdc1 Re7
30.Rc2 Rc7 31.Nd2 Na5 32.Rbc1 Rd5 33.Nc4 Nxc4 34.Rxc4 Kf6 35.Kf1 Ke5 36.a5 Rc6
37.Ke2 Re6 38.Rb1 Rd4 39.Rcc1  0-1

[Event "2nd IECC"]
[Site "Ohrid MKD"]
[Date "2001.06.03"]
[Round "3"]
[White "Aronian,L"]
[Black "Stanojoski,Z"]
[Result "1-0"]
[WhiteElo "2528"]
[BlackElo "2435"]

1.e4 c5 2.Nc3 Nc6 3.Bb5 g6 4.Bxc6 dxc6 5.d3 Bg7 6.Be3 Qb6 7.Na4 Qa5+ 8.c3 b6
9.a3 Be6 10.b4 Qa6 11.Ne2 Rd8 12.Nb2 Nf6 13.f3 Nd7 14.Qc2 Ne5 15.Nf4 cxb4
16.cxb4 Nxd3+ 17.Nfxd3 Rxd3 18.Nxd3 Bxa1 19.Qxc6+ Bd7 20.Qa8+ Bc8 21.b5 Qb7
22.Qxb7 Bxb7 23.Ke2 Bf6 24.Rc1 Kd7 25.Rd1 Ba8 26.e5 Bg7 27.e6+ Ke8 28.Rc1 fxe6
29.Rc7 Kf7 30.a4 Bd5 31.Rxa7 e5 32.Bxb6 e4 33.Nb4 exf3+ 34.Kf2 Ba8 35.gxf3 Rc8
36.Rc7 Rxc7 37.Bxc7 Bc3 38.Nd3 Bd4+ 39.Ke2 Ke6 40.a5 Kd7 41.Be5 Bg1 42.Bg3 Bd5
43.Ne5+ Kc8 44.Kd3 Kb7 45.Kc3 g5 46.Kb4 h5 47.a6+ Ka7 48.Nd7 Bxf3 49.Bb8+ Ka8
50.Bc7 Be2 51.Nb6+ Bxb6 52.Bxb6 g4 53.Bf2 Kb8 54.Ka5 e5 55.b6 Bf3 56.Bg3 Kc8
57.Kb5 Bg2 58.Kc5 Bf3 59.b7+  1-0

[Event "FSGM June"]
[Site "Budapest HUN"]
[Date "2001.06.04"]
[Round "3"]
[White "Guseinov,K"]
[Black "Kallio,H"]
[Result "1-0"]
[WhiteElo "2456"]
[BlackElo "2410"]

1.e4 c5 2.Nf3 Nc6 3.Nc3 Nf6 4.Bb5 Qc7 5.O-O e6 6.Re1 a6 7.Bxc6 Qxc6 8.d4 b5
9.Bg5 Bb7 10.Bxf6 gxf6 11.Nd5 O-O-O 12.Nxf6 Bg7 13.Nh5 Rhg8 14.Nxg7 Rxg7
15.dxc5 f5 16.Qd4 Rdg8 17.g3 fxe4 18.Ne5 Qc7 19.c6 dxc6 20.Qxe4 c5 21.Qe3 Kb8
22.a4 h5 23.axb5 axb5 24.Qf4 Kc8 25.c4 h4 26.cxb5 hxg3 27.fxg3 Rh7 28.Rac1 Bd5
29.b4 c4 30.Rxc4 Bxc4 31.Qxc4 Qxc4 32.Nxc4 Rg4 33.Nd6+ Kb8 34.Rxe6 Rxb4 35.Re2 Rd7
36.Nf5 Rxb5 37.Nh4 Kc7 38.Kg2 Rd1 39.Nf3 Rdb1 40.Kh3 R5b2 41.Re7+ Kd6 42.Rh7 Ke6
43.Kh4 Kf6 44.h3 Rb3 45.Nd2 Rb4+ 46.g4 Rg1 47.Rc7 Rh1 48.Nf3 Ra4 49.Rc6+ Kg7
50.Ng5 Ra3 51.Rb6 Re3 52.Rc6 Ra3 53.Ne6+ Kf7 54.Nf4 Rf3 55.Rc4 Kf6 56.Re4 Rh2
57.Nh5+ Kg6 58.Ng3 Rg2 59.Nh5 Rh2 60.Nf4+ Kf6 61.Rb4 Rh1 62.Nh5+ Ke5 63.Rb5+ Kd6
64.Ng3 Rd1 65.Ne4+ Ke7 66.Ng5 Re3 67.Kh5 Rd4 68.Rf5 Rg3 69.Re5+ Kd7 70.Rf5 Rb4
71.Rf7+ Kc6 72.Rg7 Ra4 73.Re7 Rb4 74.Re1 Ra4 75.Rh1 Ra8 76.Nf7 Kd5 77.g5 Ke6
78.Nh6 Ra5 79.h4 Ra4 80.Kg6 Ke5 81.Re1+ Kf4 82.Rf1+ Rf3 83.Rg1 Rg3 84.Rc1 Rh3
85.Rf1+ Rf3 86.Rh1 Rb3 87.Ng8 Rg3 88.Nf6 Kf3 89.h5 Ra5 90.Rf1+ Kg2 91.Rf5 Ra8
92.h6 Rh3 93.Rb5 Rg3 94.h7 Rh3 95.Rb2+ Kf1 96.Rb7 Rg3 97.Rg7 Ra5 98.Kh6 Rh3+
99.Nh5 Ra6+ 100.Rg6 Ra8 101.Rf6+ Ke2 102.Kg6 Ke3 103.Re6+ Kd4 104.Nf6 Rh8
105.Kg7 Rb8 106.Ng8 Rb5 107.g6 Rbh5 108.Nf6 Rh6 109.Re8 Rh1 110.h8=Q Rxh8
111.Rxh8 Ra1 112.Re8 Ra7+ 113.Kh6 Ra6 114.g7 Rxf6+ 115.Kg5 Rg6+ 116.Kxg6  1-0

[Event "2nd IECC"]
[Site "Ohrid MKD"]
[Date "2001.06.04"]
[Round "4"]
[White "Tiviakov,S"]
[Black "Smirnov,P"]
[Result "1-0"]
[WhiteElo "2603"]
[BlackElo "2511"]

1.e4 c5 2.Nc3 Nc6 3.Bb5 Nd4 4.Ba4 a6 5.d3 b5 6.Bb3 Nxb3 7.axb3 Bb7 8.Nf3 d6
9.Bg5 f6 10.Bd2 e5 11.Nd5 b4 12.c4 bxc3 13.bxc3 Ne7 14.c4 Nxd5 15.exd5 Be7
16.b4 cxb4 17.Qa4+ Qd7 18.Bxb4 Qxa4 19.Rxa4 Kd7 20.Ke2 Rhb8 21.Nd2 Bc8 22.Rha1 Rb6
23.Ba5 Rb2 24.Bc3 Rb6 25.R4a3 Rab8 26.Ba5 Rb2 27.Bc3 R2b6 28.d4 exd4 29.Bxd4 Rb4
30.Rh3 h6 31.Rg3 Bf8 32.Kd3 Kc7 33.Bc3 Bf5+ 34.Kd4 R4b7 35.Rxa6 g5 36.Re3 Bc2
37.Ne4 Be7 38.Nxg5 Kd7 39.Nh3 f5 40.Re6 Rc8 41.Nf4 Rbc7 42.c5 Rxc5 43.Ra7+ R5c7
44.Rxc7+ Rxc7 45.Ng6 Bd8 46.Ba5 Ra7 47.Bxd8 Kxd8 48.Rxd6+  1-0

[Event "IHEM"]
[Site "Hamburg GER"]
[Date "2001.06.06"]
[Round "5"]
[White "Hector,J"]
[Black "Lanka,Z"]
[Result "1-0"]
[WhiteElo "2546"]
[BlackElo "2483"]

1.e4 c5 2.Nf3 Nc6 3.Nc3 d6 4.d4 cxd4 5.Nxd4 Nf6 6.f4 e5 7.Nf3 Be7 8.f5 O-O
9.Bg5 a6 10.Qd2 b5 11.O-O-O b4 12.Bxf6 bxc3 13.Qxc3 Bb7 14.Bxe7 Qxe7 15.Qd2 Rfc8
16.Qxd6 Qxd6 17.Rxd6 Nb4 18.c3 Bxe4 19.Nxe5 Nxa2+ 20.Kd2 Rc5 21.Nd7 Rxf5
22.Bc4 Rf2+ 23.Ke3 Rxb2 24.Kxe4 Nxc3+ 25.Kf3 g5 26.Re1 Rb4 27.Rd4 Kh8 28.Ne5 f6
29.Nf7+ Kg7 30.Rd7 Kg6 31.Nd6 g4+ 32.Kg3 h5 33.Bd3+ Kg5 34.Rg7+  1-0

[Event "2nd IECC"]
[Site "Ohrid MKD"]
[Date "2001.06.06"]
[Round "6"]
[White "Mitkov,N"]
[Black "Ionov,S"]
[Result "1/2-1/2"]
[WhiteElo "2578"]
[BlackElo "2505"]

1.e4 c5 2.Nc3 Nc6 3.Nf3 d6 4.d4 cxd4 5.Nxd4 Nf6 6.Bc4 e6 7.Be3 a6 8.Bb3 Qc7
9.f4 Be7 10.Qe2 O-O 11.f5 Nxd4 12.Bxd4 b5 13.a3 exf5 14.O-O Be6 15.exf5 Bxb3
16.cxb3 Rae8 17.Qf3 Qd7 18.Rad1 h6 19.Rf2 Bd8 20.h3 Nh7 21.Qg3 Bf6 22.Bxf6 Nxf6
23.Rxd6 Re1+ 24.Kh2 Qc7 25.Rd3 Qe7 26.Nd5 Nxd5 27.Rxd5 Qe4 28.Qd3 Qh4 29.Qd4 Re4
30.Qd2 Qf6 31.Rf3 Rfe8 32.Qc3 R8e5 33.Qc8+ Re8 34.Qc3 R4e5 35.Rxe5 Rxe5 36.b4 Kh7
37.Rf2 Qd6 38.Qg3 Qf6 39.Qc3 Qd6 40.Qg3 Qf6  1/2-1/2

[Event "2nd IECC"]
[Site "Ohrid MKD"]
[Date "2001.06.06"]
[Round "6"]
[White "Zvjaginsev,V"]
[Black "Hulak,K"]
[Result "1/2-1/2"]
[WhiteElo "2627"]
[BlackElo "2564"]

1.e4 c5 2.Nf3 Nc6 3.Nc3 e5 4.Bc4 g6 5.d3 Bg7 6.Ng5 Nh6 7.f4 f6 8.Nf3 d6 9.h3 exf4
10.Bxf4 Nf7 11.O-O O-O 12.Qe1 Kh8 13.Bxf7 Rxf7 14.Qg3 Rd7 15.h4 b6 16.Be3 Bb7
17.Nd5 Nb4 18.Nxb4 cxb4 19.h5 gxh5 20.Nd4 d5 21.exd5 Rxd5 22.Ne6  1/2-1/2

[Event "ch-IND"]
[Site "New Delhi IND"]
[Date "2001.06.07"]
[Round "11"]
[White "Saravanan,V"]
[Black "Neelotpal,D"]
[Result "1/2-1/2"]
[WhiteElo "2428"]
[BlackElo "2423"]

1.e4 c5 2.Nc3 Nc6 3.Nge2 d6 4.d4 cxd4 5.Nxd4 Nf6 6.Bc4 Qb6 7.Nb3 e6 8.O-O Be7
9.Be3 Qc7 10.Bd3 a6 11.f4 b5 12.Qf3 Bb7 13.Rae1 O-O 14.Qh3 g6 15.Kh1 Rfe8
16.f5 exf5 17.exf5 Ne5 18.Bg5 Nxd3 19.Qxd3 Ng4 20.Bxe7 Rxe7 21.Qd4 Rxe1 22.Rxe1 Ne5
23.fxg6  1/2-1/2

[Event "2nd IECC"]
[Site "Ohrid MKD"]
[Date "2001.06.07"]
[Round "7"]
[White "Moiseenko,A"]
[Black "Nedev,T"]
[Result "1-0"]
[WhiteElo "2561"]
[BlackElo "2514"]

1.e4 c5 2.Nf3 Nc6 3.Nc3 Nf6 4.Bb5 g6 5.e5 Ng4 6.Bxc6 dxc6 7.h3 Nh6 8.g4 f5
9.g5 Nf7 10.d3 Be6 11.Qe2 Qc7 12.h4 O-O-O 13.Bf4 h6 14.O-O-O Qa5 15.h5 hxg5
16.hxg6 gxf4 17.gxf7 Rxh1 18.Rxh1 Bxa2 19.e6 Bd5 20.Kb1 c4 21.dxc4 Be4 22.Rd1 Bg7
23.Rxd8+ Qxd8 24.Nxe4 fxe4 25.Qxe4 Qb6 26.Qd4 Qxd4 27.Nxd4 Kc7 28.c5 a5 29.Nf5 Bf8  1-0

[Event "2nd IECC"]
[Site "Ohrid MKD"]
[Date "2001.06.07"]
[Round "7"]
[White "Baklan,V"]
[Black "Reinderman,D"]
[Result "1/2-1/2"]
[WhiteElo "2613"]
[BlackElo "2539"]

1.e4 c5 2.Nf3 Nc6 3.Nc3 e5 4.Bc4 Be7 5.d3 Nf6 6.Nd2 d6 7.Nf1 Bg4 8.f3 Be6
9.Ne3 O-O 10.O-O Ne8 11.Ncd5 Bg5 12.f4 exf4 13.Nxf4 Bxf4 14.Rxf4 Nc7 15.Qh5 g6
16.Qh6 f6 17.Bxe6+ Nxe6 18.Rf2 Ne5 19.Qh3 Nc7 20.Bd2 Qd7 21.Qg3 Kh8 22.Raf1 Rf7
23.Bc3 Raf8 24.a4 Qe6 25.h3 Qe7 26.b3 Qe6 27.Bb2 Qe7 28.Qh4 Kg8 29.Qh6 Qe6
30.Rf4 Qe7 31.Kh1 Qe6 32.R4f2 Qe7 33.Qh4 Qe6 34.Qg3 Kh8 35.Bc1 Qe7 36.Qh4 Kg8
37.Kg1 Qe6 38.Nd1 Nd7 39.Bh6 Re8 40.Qg3 Ne5 41.Ne3 Kh8 42.Ng4 Nxg4 43.hxg4 Ree7
44.Bd2 Kg8 45.g5 fxg5 46.Qxg5 Rxf2 47.Rxf2 Ne8 48.Qh4 h5 49.Rf3 Rf7 50.Rg3 Qf6
51.Qxf6 Rxf6 52.Bc3 Re6 53.Rf3 Nc7 54.Kf2 d5 55.Rg3 dxe4 56.dxe4 Kf7 57.Kf3 Ne8
58.Rg5 b6 59.g4 hxg4+ 60.Rxg4 Nf6 61.Rf4 Ke7 62.Bd2 g5 63.Rf5 g4+ 64.Kg2 Nxe4
65.Bf4 Kd7 66.Rf7+ Re7 67.Rf8 Ke6 68.Rg8 Nc3 69.Rg6+ Kd5 70.Rg5+ Ke4 71.Rxg4 Kd5
72.Kf3 Rf7 73.Ke3 Ke6  1/2-1/2

[Event "IHEM"]
[Site "Hamburg GER"]
[Date "2001.06.08"]
[Round "7"]
[White "Hector,J"]
[Black "Brodsky,M"]
[Result "1/2-1/2"]
[WhiteElo "2546"]
[BlackElo "2529"]

1.e4 c5 2.Nf3 Nc6 3.Nc3 d6 4.d4 cxd4 5.Nxd4 e5 6.Nf5 Bxf5 7.exf5 Qd7 8.g4 h5
9.g5 Qxf5 10.Be3 O-O-O 11.h4 Kb8 12.Bh3 Qg6 13.Qf3 Nge7 14.O-O-O f5 15.gxf6 gxf6
16.Rhg1 Qf7 17.Ne4 f5 18.Rxd6 Rxd6 19.Nxd6 Qxa2 20.Rd1 Qa1+ 21.Kd2 Qxb2 22.Ke1 Bh6
23.Bxh6 Rxh6 24.Nxf5 Rf6 25.Qxh5 Qc3+ 26.Rd2 Qxh3 27.Nxe7 Qh1+ 28.Ke2 Qe4+
29.Kf1 Qh1+ 30.Ke2 Qe4+ 31.Kf1  1/2-1/2

[Event "White Nights"]
[Site "St Petersburg RUS"]
[Date "2001.06.09"]
[Round "1"]
[White "Ustinov,A"]
[Black "Inarkiev,E"]
[Result "0-1"]
[WhiteElo "2246"]
[BlackElo "2469"]

1.e4 c5 2.Nc3 Nc6 3.Nf3 g6 4.d4 cxd4 5.Nxd4 Bg7 6.Nxc6 bxc6 7.Bc4 Qc7 8.Qf3 Nf6
9.Bf4 d6 10.O-O O-O 11.Rfe1 Nd7 12.Qe3 Ne5 13.Be2 Rb8 14.Rab1 Re8 15.Bh6 Bh8
16.f4 Nd7 17.Kh1 Qa5 18.Bc4 Rxb2 19.Rxb2 Qxc3 20.Qxc3 Bxc3 21.Reb1 Bxb2 22.Rxb2 Nc5
23.Bd3 f6 24.h4 Kf7 25.Kg1 Ba6 26.Bxa6 Nxa6 27.Rb7 Nc5 28.Rxa7 Nxe4 29.g4 Rb8
30.Kg2 Rb2 31.Kf3 d5 32.f5 gxf5 33.gxf5 Nd6 34.Kg4 Rxc2 35.Bf4 Nc4 36.a4 Ra2
37.Bc7 d4 38.Bd8 Re2 39.Rd7  0-1

[Event "White Nights"]
[Site "St Petersburg RUS"]
[Date "2001.06.10"]
[Round "2"]
[White "Klimov,S"]
[Black "Korotylev,A"]
[Result "0-1"]
[WhiteElo "2438"]
[BlackElo "2554"]

1.e4 c5 2.Nf3 Nc6 3.Nc3 d6 4.d4 cxd4 5.Nxd4 Nf6 6.Bc4 Qb6 7.Nb3 e6 8.Bf4 Ne5
9.Be2 Bd7 10.Be3 Qc7 11.Qd4 Be7 12.f4 Nc6 13.Qd2 O-O 14.O-O a6 15.a4 b6 16.g4 Bc8
17.g5 Nd7 18.f5 Re8 19.f6 Bf8 20.Rad1 Nce5 21.fxg7 Kxg7 22.Bh5 Kg8 23.Qf2 Re7
24.Nd4 Bb7 25.Nde2 Bg7 26.Ng3 Qc6 27.Be2 Nc5 28.Bxc5 Qxc5 29.Qxc5 dxc5 30.Nh5 Rd7
31.Rxd7 Nxd7 32.Nxg7 Kxg7 33.Rd1 Ne5 34.Rd6 Bc6 35.Kf2 Kf8 36.Ke3 Ke7 37.Rd1 Bb7
38.Nb1 Rg8 39.h4 f6 40.gxf6+ Kxf6 41.Rd6 Bc6 42.Nc3 Ke7 43.Rd1 Rg2 44.h5 b5
45.axb5 axb5 46.Bxb5 Bxb5 47.Nxb5 Rxc2 48.Nd6 Rh2 49.Nc8+ Kf6 50.Nb6 Rh3+
51.Ke2 Rxh5 52.Nd7+ Nxd7 53.Rxd7 Ke5 54.Kd3 Rh2 55.b3 h5 56.Rh7 Rh3+ 57.Kc4 Kxe4
58.Kxc5 Rxb3 59.Rxh5 e5 60.Rh4+ Kf5 61.Kc4 Re3 62.Rh1 Rf3 63.Rh5+ Ke4 64.Rh4+  0-1

[Event "2nd IECC"]
[Site "Ohrid MKD"]
[Date "2001.06.11"]
[Round "10"]
[White "Yegiazarian,A"]
[Black "Baklan,V"]
[Result "1/2-1/2"]
[WhiteElo "2529"]
[BlackElo "2613"]

1.e4 c5 2.Nc3 Nc6 3.Bb5 Nd4 4.Bc4 e6 5.Nge2 Nf6 6.O-O a6 7.a4 d5 8.exd5 exd5
9.Ba2 Ne6 10.d4 c4 11.b3 cxb3 12.Bxb3 Bb4 13.Qd3 O-O 14.Qf3 Bxc3 15.Qxc3 Bd7
16.Qd3 b5 17.Bd2 Rb8 18.Nf4 Qb6 19.Nxe6 fxe6 20.a5 Qd6 21.f3 Be8 22.Rfe1 Bg6
23.Qe3 Rfe8 24.Qf2 Rbc8 25.Bg5 Nd7 26.Qd2 Qc6 27.Re3 Qd6 28.Rae1 Nb8 29.R3e2 Nc6
30.Bf4 Qd7 31.h4 Bf7 32.g3 Qd8 33.Ra1 Qf6 34.Rd1 Qd8 35.Ra1 Qf6 36.Rd1 Qd8  1/2-1/2

[Event "White Nights"]
[Site "St Petersburg RUS"]
[Date "2001.06.11"]
[Round "3"]
[White "Bedny,Y"]
[Black "Klimov,S"]
[Result "0-1"]
[WhiteElo "2292"]
[BlackElo "2438"]

1.e4 c5 2.Nf3 Nc6 3.Nc3 d6 4.d4 cxd4 5.Nxd4 e6 6.Be3 a6 7.f4 Nf6 8.Qf3 Qc7
9.O-O-O Be7 10.Rg1 Rb8 11.g4 Nd7 12.g5 b5 13.Qh5 g6 14.Qf3 b4 15.Nce2 Nc5
16.Kb1 Bb7 17.Ng3 Nxd4 18.Bxd4 e5 19.Be3 exf4 20.Bxf4 Ne6 21.h4 Nxf4 22.Qxf4 Qc5
23.Bd3 Qe5 24.Qf3 Rc8 25.Nf1 Bf8 26.Qe3 Bg7 27.Qc1 h5 28.Nd2 O-O 29.Nf3 Qc5
30.Qf4 a5 31.Rge1 a4 32.Qe3 Qa5 33.Bf1 Rfe8 34.Rxd6 Rxe4 35.Qb6 Qe5 36.Qxb4 Rxe1+
37.Nxe1 Bf8 38.Nd3 Qxd6 39.Qxb7 Rb8 40.Qe4 Bg7 41.Kc1 Qb6 42.b3 Qg1 43.Qf4 Rb5
44.Kd2 axb3 45.axb3 Rf5 46.Qb8+ Kh7 47.Be2 Bd4 48.Qe8 Qa1 49.Qc8 Qa7 50.Qc4 Be3+
51.Ke1 Qa8 52.Nb2 Qh1+ 53.Bf1 Qh2  0-1

[Event "White Nights"]
[Site "St Petersburg RUS"]
[Date "2001.06.11"]
[Round "3"]
[White "Salinnikov,D"]
[Black "Zvereva,M"]
[Result "1-0"]
[WhiteElo "2343"]
[BlackElo "2206"]

1.e4 c5 2.Nf3 Nc6 3.Nc3 e5 4.Bc4 Be7 5.O-O Nf6 6.d3 O-O 7.Ne1 d6 8.f4 Bg4
9.Nf3 exf4 10.Bxf4 Nd4 11.Qd2 Nxf3+ 12.gxf3 Be6 13.Rae1 Nh5 14.Bg3 Bh3 15.Rf2 Bf6
16.Ne2 Be6 17.Bxe6 fxe6 18.d4 Nxg3 19.hxg3 Qb6 20.dxc5 dxc5 21.c3 Rad8 22.Qe3 Qxb2
23.e5 Be7 24.Nf4 Qb6 25.Qe4 Bg5 26.Rb1 Qa6 27.Nh3 Bd2 28.Rxb7 Bxc3 29.Ng5 Rf5
30.Nxh7 Bd4 31.g4 Bxf2+ 32.Kxf2 Rd2+ 33.Kg3 Rd4 34.Qb1 Rff4 35.Rb8+ Kf7 36.Rf8+ Ke7
37.Rxf4 Rxf4 38.Kxf4 Qc4+ 39.Kg3 Kf7 40.Qb2 Qd3 41.Ng5+ Kg6 42.Ne4 c4 43.Qb8  1-0

[Event "2nd IECC"]
[Site "Ohrid MKD"]
[Date "2001.06.12"]
[Round "11"]
[White "Belotti,B"]
[Black "Guliev,S"]
[Result "0-1"]
[WhiteElo "2440"]
[BlackElo "2528"]

1.e4 c5 2.Nc3 Nc6 3.Bb5 g6 4.Bxc6 dxc6 5.d3 Bg7 6.Be3 b6 7.Qd2 e5 8.f4 exf4
9.Bxf4 Be6 10.Nf3 Ne7 11.O-O O-O 12.Bh6 f6 13.Rf2 Qd7 14.Raf1 Rad8 15.Ne2 Bg4
16.Bxg7 Kxg7 17.Qc3 Bxf3 18.Rxf3 Qd6 19.Nf4 Ng8 20.g4 Rde8 21.h4 Re5 22.R1f2 Rf7
23.g5 Kf8 24.Kf1 Re8 25.Ng2 Qd4 26.Ne3 Qxc3 27.bxc3 Ree7 28.Nc4 Re6 29.d4 cxd4
30.cxd4 Rd7 31.gxf6 Nh6 32.e5 Rxd4 33.Rf4 Rxf4 34.Rxf4 Nf7 35.Rd4 b5 36.Nd6 Nxd6
37.Rxd6 Rxe5 38.Rxc6 Rh5 39.Ra6 Kf7 40.Rxa7+ Kxf6 41.Ra5 Rxh4 42.Rxb5 Ra4
43.Rb2 Ra3 44.Kg2 Kf5 45.c4 Rc3 46.a4 Ra3 47.Rf2+ Kg4 48.Rc2 Rxa4 49.c5 Ra7
50.c6 Rc7 51.Rc1 Kf4 52.Kh3 Ke4 53.Kg4 Kd5 54.Rd1+ Kxc6 55.Kg5 Rd7 56.Rc1+ Kd5
57.Kh6 Ke4 58.Rf1 Ke3 59.Rf8 Re7 60.Rf1 Ke2 61.Rf8 Re5 62.Kxh7 g5 63.Rg8 Kf3
64.Rf8+ Kg3 65.Rf1 g4  0-1

[Event "2nd IECC"]
[Site "Ohrid MKD"]
[Date "2001.06.13"]
[Round "12"]
[White "Tiviakov,S"]
[Black "Timoshenko,G"]
[Result "1/2-1/2"]
[WhiteElo "2603"]
[BlackElo "2537"]

1.e4 c5 2.Nc3 Nc6 3.Nf3 e6 4.Be2 Nf6 5.O-O Qb6 6.h3 d6 7.a3 Be7 8.Rb1 a6
9.b4 Qc7 10.b5 axb5 11.Nxb5 Qd8 12.d3 O-O 13.c3 b6 14.Qc2  1/2-1/2

[Event "White Nights"]
[Site "St Petersburg RUS"]
[Date "2001.06.13"]
[Round "5"]
[White "Lukin,A"]
[Black "Ishkhamov,T"]
[Result "1-0"]
[WhiteElo "2423"]
[BlackElo "2272"]

1.e4 c5 2.Nf3 Nc6 3.Nc3 d6 4.d4 cxd4 5.Nxd4 e5 6.Nf3 Nf6 7.Bc4 Be7 8.Bg5 Be6
9.Bb3 O-O 10.Bxf6 Bxf6 11.Nd5 Ne7 12.Nxf6+ gxf6 13.Qd2 d5 14.exd5 Bxd5 15.Bxd5 Qxd5
16.Qxd5 Nxd5 17.O-O-O Rfd8 18.g3 b5 19.Rd2 Nb4 20.a3 Nc6 21.Rhd1 Rxd2 22.Nxd2 Kg7
23.Ne4 Nd4 24.c3 Nf3 25.h4 f5 26.Nd6 f4 27.gxf4 exf4 28.Nxb5 Nxh4 29.c4 Nf5
30.c5 Rc8 31.b4 a6 32.Nd6 Nxd6 33.Rxd6 h5 34.Rxa6 h4 35.Rd6  1-0